| 000 | 00741nam a22001817a 4500 | ||
|---|---|---|---|
| 005 | 20231016124603.0 | ||
| 010 | _aENG-137769 | ||
| 020 |
_a9788195174652 _c200.00 |
||
| 035 | _aEN-121300 | ||
| 037 | _bDBAD | ||
| 082 |
_a510 _22022 |
||
| 245 |
_aProceeding of the natinonal level conference on "Recent Trends In Applied Mathematics - 2022""/ _cEdited by S. Rajeev Gamdhi, S. Mahalakshmi, A. Jemsi asumtha and M. Naveen Raj |
||
| 260 |
_c2022 _aTamil Nadu _bVHN Senthikumara Nadar College |
||
| 270 |
_a3/151-1 College Road Virudhnagar _bTamil Nadu _e626001 |
||
| 300 |
_a125p. _c29cm(Pbk) |
||
| 710 |
_a S. Rajeev Gamdhi, S. Mahalakshmi, A. Jemsi asumtha and M. Naveen Raj _eEditor _957832 |
||
| 942 |
_2ddc _cEN _h510 _mPRO |
||
| 999 |
_c196976 _d196976 |
||